| 000 | 00714cab a2200205 4500 | ||
|---|---|---|---|
| 001 | ABS42310 | ||
| 008 | 090401t1990 xxu||||| |||| 00| 0 eng d | ||
| 035 | _a(Sirsi) u36134 | ||
| 041 | _aeng | ||
| 100 | _aRoberts, J. | ||
| 245 | _aBattling to conquer the retail recession | ||
| 260 | _c1990 | ||
| 350 | _a0 | ||
| 490 |
_aEstates Times _v(1035) 23 February 1990, 12-13(2) |
||
| 520 | _aProfile of Burton Property Trust examining the effects of its bias towards retail property. Lists its commercial deals in 1988/89, future commercial projects and committed and uncommitted retail schemes. | ||
| 650 | _aPROPERTY COMPANIES | ||
| 690 | _aPROPERTY-COMMERCIAL PROPERTY | ||
| 942 | _n0 | ||
| 948 | _c04/03/1997 | ||
| 999 |
_c23576 _d23576 |
||